[Event "2nd Easter 4NCL Congress"]
[Site "Daventry"]
[Date "2022.04.18"]
[Round "7"]
[Board "6"]
[White "Dignam, Matthew P"]
[Black "Stubbs, Oliver"]
[Result "1/2-1/2"]
[WhiteElo "2314"]
[BlackElo "2101"]
[PlyCount "0"]
[EventDate "2022.04.15"]
[EventRounds "7"]
[EventCountry "ENG"]

1. d4 {[%clk 01:30:28]} {[%emt 00:00:30]} Nf6 {[%clk 01:30:47]} {[%emt
00:00:14]} 2. Nc3 {[%clk 01:29:42]} {[%emt 00:01:16]} d5 {[%clk 01:31:00]}
{[%emt 00:00:17]} 3. Bg5 {[%clk 01:29:53]} {[%emt 00:00:17]} Nbd7 {[%clk
01:29:17]} {[%emt 00:02:15]} 4. Nf3 {[%clk 01:29:38]} {[%emt 00:00:45]} g6
{[%clk 01:28:00]} {[%emt 00:01:47]} 5. Qd3 {[%clk 01:20:14]} {[%emt 00:09:54]}
Bg7 {[%clk 01:27:21]} {[%emt 00:01:10]} 6. e4 {[%clk 01:20:05]} {[%emt
00:00:38]} dxe4 {[%clk 01:25:43]} {[%emt 00:02:07]} 7. Nxe4 {[%clk 01:20:08]}
{[%emt 00:00:27]} O-O {[%clk 01:23:51]} {[%emt 00:02:23]} 8. h4 {[%clk
01:09:43]} {[%emt 00:10:54]} h5 {[%clk 01:17:57]} {[%emt 00:06:24]} 9. Be2
{[%clk 01:05:17]} {[%emt 00:04:56]} c5 {[%clk 01:10:24]} {[%emt 00:08:05]} 10.
O-O-O {[%clk 00:54:36]} {[%emt 00:11:10]} Qa5 {[%clk 01:03:20]} {[%emt
00:07:34]} 11. Kb1 {[%clk 00:45:55]} {[%emt 00:09:11]} cxd4 {[%clk 01:01:03]}
{[%emt 00:02:48]} 12. Nxd4 {[%clk 00:41:14]} {[%emt 00:05:11]} Ne5 {[%clk
00:55:18]} {[%emt 00:06:14]} 13. Nxf6+ {[%clk 00:33:30]} {[%emt 00:08:14]} exf6
{[%clk 00:54:33]} {[%emt 00:01:15]} 14. Qd2 {[%clk 00:33:55]} {[%emt 00:00:05]}
Qxd2 {[%clk 00:53:52]} {[%emt 00:01:12]} 15. Bxd2 {[%clk 00:34:13]} {[%emt
00:00:10]} Bd7 {[%clk 00:51:10]} {[%emt 00:03:13]} 16. f3 {[%clk 00:31:15]}
{[%emt 00:03:29]} Rfd8 {[%clk 00:49:00]} {[%emt 00:02:39]} 17. Bc3 {[%clk
00:29:30]} {[%emt 00:02:14]} f5 {[%clk 00:43:12]} {[%emt 00:06:19]} 18. Nb5
{[%clk 00:23:45]} {[%emt 00:06:15]} Nc6 {[%clk 00:36:15]} {[%emt 00:07:27]} 19.
Bd2 {[%clk 00:18:48]} {[%emt 00:05:23]} Be5 {[%clk 00:29:14]} {[%emt 00:07:36]}
20. Bg5 {[%clk 00:17:26]} {[%emt 00:01:51]} f6 {[%clk 00:29:20]} {[%emt
00:00:24]} 21. Be3 {[%clk 00:16:24]} {[%emt 00:01:32]} f4 {[%clk 00:27:33]}
{[%emt 00:02:18]} 22. Bc5 {[%clk 00:11:23]} {[%emt 00:05:30]} Be6 {[%clk
00:27:40]} {[%emt 00:00:24]} 23. Bd6 {[%clk 00:10:32]} {[%emt 00:01:19]} Bf7
{[%clk 00:25:34]} {[%emt 00:02:39]} 24. Bxe5 {[%clk 00:10:40]} {[%emt
00:00:22]} Nxe5 {[%clk 00:25:12]} {[%emt 00:00:51]} 25. Nd6 {[%clk 00:09:22]}
{[%emt 00:01:46]} Rd7 {[%clk 00:23:42]} {[%emt 00:02:01]} 26. Nxf7 {[%clk
00:09:13]} {[%emt 00:00:39]} Rxd1+ {[%clk 00:22:39]} {[%emt 00:01:34]} 27. Rxd1
{[%clk 00:09:30]} {[%emt 00:00:12]} Kxf7 {[%clk 00:23:06]} {[%emt 00:00:04]} 28.
c3 {[%clk 00:07:58]} {[%emt 00:02:02]} Ke6 {[%clk 00:23:00]} {[%emt 00:00:37]}
29. Rd4 {[%clk 00:07:59]} {[%emt 00:00:28]} g5 {[%clk 00:22:48]} {[%emt
00:00:42]} 30. Bd1 {[%clk 00:08:17]} {[%emt 00:00:12]} Rf8 {[%clk 00:20:02]}
{[%emt 00:03:16]} 31. Bb3+ {[%clk 00:06:25]} {[%emt 00:02:23]} Ke7 {[%clk
00:19:54]} {[%emt 00:00:37]} 32. hxg5 {[%clk 00:06:19]} {[%emt 00:00:36]} fxg5
{[%clk 00:19:47]} {[%emt 00:00:38]} 33. Rd5 {[%clk 00:06:35]} {[%emt 00:00:13]}
Kf6 {[%clk 00:17:31]} {[%emt 00:02:47]} 34. Rd6+ {[%clk 00:06:52]} {[%emt
00:00:12]} Kg7 {[%clk 00:17:49]} {[%emt 00:00:12]} 35. Bd5 {[%clk 00:05:16]}
{[%emt 00:02:06]} b6 {[%clk 00:18:16]} {[%emt 00:00:04]} 36. Re6 {[%clk
00:04:45]} {[%emt 00:01:00]} Ng6 {[%clk 00:18:03]} {[%emt 00:00:42]} 37. Kc2
{[%clk 00:04:00]} {[%emt 00:01:15]} Nh4 {[%clk 00:15:35]} {[%emt 00:02:59]} 38.
Re7+ {[%clk 00:04:10]} {[%emt 00:00:20]} Kf6 {[%clk 00:15:06]} {[%emt
00:00:59]} 39. Re6+ {[%clk 00:03:49]} {[%emt 00:00:50]} Kf5 {[%clk 00:14:33]}
{[%emt 00:01:04]} 40. Rh6 {[%clk 00:03:40]} {[%emt 00:00:39]} Nxg2 {[%clk
00:14:15]} {[%emt 00:00:49]} 41. Be4+ {[%clk 00:03:59]} {[%emt 00:00:11]} Ke5
{[%clk 00:14:33]} {[%emt 00:00:12]} 42. Rxh5 {[%clk 00:04:23]} {[%emt
00:00:06]} Rg8 {[%clk 00:14:02]} {[%emt 00:01:01]} 43. Kd3 {[%clk 00:03:30]}
{[%emt 00:01:23]} Ne3 {[%clk 00:14:01]} {[%emt 00:00:30]} 44. Ke2 {[%clk
00:03:25]} {[%emt 00:00:35]} Rg7 {[%clk 00:13:09]} {[%emt 00:01:21]} 45. b3
{[%clk 00:03:24]} {[%emt 00:00:32]} Nf5 {[%clk 00:11:23]} {[%emt 00:02:16]} 46.
Bxf5 {[%clk 00:03:13]} {[%emt 00:00:41]} Kxf5 {[%clk 00:11:49]} {[%emt
00:00:05]} 47. Rh8 {[%clk 00:02:27]} {[%emt 00:01:16]} Re7+ {[%clk 00:11:37]}
{[%emt 00:00:41]} 48. Kf2 {[%clk 00:02:47]} {[%emt 00:00:10]} Rc7 {[%clk
00:09:39]} {[%emt 00:02:27]} 49. c4 {[%clk 00:02:35]} {[%emt 00:00:43]} b5
{[%emt 00:01:05]} 50. Rf8+ {[%clk 00:02:16]} Ke5 {[%clk 00:09:51]} {[%emt
00:00:32]} 51. Re8+ {[%clk 00:02:21]} {[%emt 00:00:24]} Kd4 {[%clk 00:09:15]}
{[%emt 00:01:07]} 52. cxb5 {[%clk 00:02:05]} {[%emt 00:00:46]} Rb7 {[%clk
00:06:11]} {[%emt 00:03:34]} 53. a4 {[%clk 00:01:46]} {[%emt 00:00:50]} Kc3
{[%clk 00:06:34]} {[%emt 00:00:07]} 54. Re5 {[%clk 00:01:48]} {[%emt 00:00:27]}
Kxb3 {[%clk 00:06:34]} {[%emt 00:00:31]} 55. Re4 {[%clk 00:01:45]} {[%emt
00:00:33]} Rc7 {[%clk 00:06:23]} {[%emt 00:00:42]} 56. Kg2 {[%clk 00:01:33]}
{[%emt 00:00:41]} Rc2+ {[%clk 00:06:05]} {[%emt 00:00:48]} 57. Kh3 {[%clk
00:01:21]} {[%emt 00:00:41]} Ra2 {[%clk 00:05:46]} {[%emt 00:00:49]} 58. Kg4
{[%clk 00:01:18]} {[%emt 00:00:33]} Rxa4 {[%clk 00:06:12]} {[%emt 00:00:05]} 59.
Re5 {[%clk 00:01:03]} {[%emt 00:00:44]} Kc3 {[%clk 00:05:13]} {[%emt 00:01:30]}
60. Rxg5 {[%clk 00:01:11]} {[%emt 00:00:21]} Kd3 {[%clk 00:05:36]} {[%emt
00:00:08]} 61. Rf5 {[%clk 00:01:19]} {[%emt 00:00:21]} Ke3 {[%clk 00:05:52]}
{[%emt 00:00:14]} 62. Re5+ {[%clk 00:01:32]} {[%emt 00:00:18]} Kd3 {[%clk
00:06:11]} {[%emt 00:00:11]}  1/2-1/2

[Event "2nd Easter 4NCL Congress"]
[Site "Daventry"]
[Date "2022.04.18"]
[Round "7"]
[Board "7"]
[White "Finn, Peter"]
[Black "Okhai, Shabir"]
[Result "1-0"]
[WhiteElo "2177"]
[BlackElo "2267"]
[PlyCount "0"]
[EventDate "2022.04.15"]
[EventRounds "7"]
[EventCountry "ENG"]

1. e4 {[%clk 01:30:57]} {[%emt 00:00:02]} e5 {[%clk 01:30:56]} {[%emt
00:00:04]} 2. Nf3 {[%clk 01:31:24]} {[%emt 00:00:04]} Nc6 {[%clk 01:31:22]}
{[%emt 00:00:04]} 3. Bc4 {[%clk 01:31:49]} {[%emt 00:00:05]} Bc5 {[%clk
01:31:48]} {[%emt 00:00:03]} 4. c3 {[%clk 01:32:14]} {[%emt 00:00:05]} Nf6
{[%clk 01:32:14]} {[%emt 00:00:05]} 5. d3 {[%clk 01:32:40]} {[%emt 00:00:03]}
d6 {[%clk 01:32:39]} {[%emt 00:00:05]} 6. O-O {[%clk 01:33:04]} {[%emt
00:00:06]} a6 {[%clk 01:33:03]} {[%emt 00:00:06]} 7. Nbd2 {[%clk 01:33:26]}
{[%emt 00:00:08]} Ba7 {[%clk 01:33:14]} {[%emt 00:00:19]} 8. Bb3 {[%clk
01:33:27]} {[%emt 00:00:29]} h6 {[%clk 01:33:26]} {[%emt 00:00:19]} 9. Re1
{[%clk 01:31:49]} {[%emt 00:02:07]} O-O {[%clk 01:32:50]} {[%emt 00:01:06]} 10.
h3 {[%clk 01:31:20]} {[%emt 00:00:59]} Be6 {[%clk 01:32:14]} {[%emt 00:01:06]}
11. Nf1 {[%clk 01:30:04]} {[%emt 00:01:46]} Qd7 {[%clk 01:28:54]} {[%emt
00:03:50]} 12. Ng3 {[%clk 01:29:02]} {[%emt 00:01:32]} Rae8 {[%clk 01:22:25]}
{[%emt 00:06:59]} 13. Nh4 {[%clk 01:23:01]} {[%emt 00:06:30]} d5 {[%clk
01:16:39]} {[%emt 00:06:17]} 14. Qf3 {[%clk 01:21:16]} {[%emt 00:02:15]} dxe4
{[%clk 01:01:34]} {[%emt 00:15:35]} 15. dxe4 {[%clk 01:19:27]} {[%emt
00:02:19]} Bxb3 {[%clk 01:01:20]} {[%emt 00:00:45]} 16. axb3 {[%clk 01:19:51]}
{[%emt 00:00:05]} Re6 {[%clk 00:58:40]} {[%emt 00:03:10]} 17. Ngf5 {[%clk
01:15:44]} {[%emt 00:04:37]} Ne8 {[%clk 00:54:11]} {[%emt 00:04:58]} 18. Rd1
{[%clk 01:07:49]} {[%emt 00:08:26]} Qc8 {[%clk 00:53:48]} {[%emt 00:00:52]} 19.
Qg4 {[%clk 01:07:19]} {[%emt 00:01:00]} Kh7 {[%clk 00:52:10]} {[%emt 00:02:09]}
20. Rd3 {[%clk 01:04:48]} {[%emt 00:03:01]} Rg8 {[%clk 00:45:16]} {[%emt
00:07:24]} 21. Qh5 {[%clk 00:58:35]} {[%emt 00:06:41]} Nf6 {[%clk 00:40:16]}
{[%emt 00:05:32]} 22. Qxf7 {[%clk 00:41:42]} {[%emt 00:17:23]} Nxe4 {[%clk
00:39:13]} {[%emt 00:01:32]} 23. Be3 {[%clk 00:36:29]} {[%emt 00:05:44]} Bxe3
{[%clk 00:33:03]} {[%emt 00:06:40]} 24. Rxe3 {[%clk 00:34:09]} {[%emt
00:02:50]} Rf6 {[%clk 00:28:09]} {[%emt 00:05:24]} 25. Qd5 {[%clk 00:31:13]}
{[%emt 00:03:26]} Ng5 {[%clk 00:26:23]} {[%emt 00:02:15]} 26. Ng3 {[%clk
00:27:31]} {[%emt 00:04:13]} Rd8 {[%clk 00:25:42]} {[%emt 00:01:12]} 27. Qc5
{[%clk 00:24:40]} {[%emt 00:03:21]} Ne6 {[%clk 00:24:54]} {[%emt 00:01:16]} 28.
Qc4 {[%clk 00:23:59]} {[%emt 00:01:12]} Ng5 {[%clk 00:20:30]} {[%emt 00:04:53]}
29. Qe2 {[%clk 00:22:18]} {[%emt 00:02:11]} Qe6 {[%clk 00:14:59]} {[%emt
00:06:00]} 30. Qc2+ {[%clk 00:21:02]} {[%emt 00:01:46]} Kg8 {[%clk 00:14:38]}
{[%emt 00:00:52]} 31. Nh5 {[%clk 00:18:35]} {[%emt 00:02:57]} Rf7 {[%clk
00:13:56]} {[%emt 00:01:11]} 32. f4 {[%clk 00:18:39]} {[%emt 00:00:27]} Nh7
{[%clk 00:13:50]} {[%emt 00:00:35]} 33. Rae1 {[%clk 00:17:00]} {[%emt
00:02:10]} Nf6 {[%clk 00:11:22]} {[%emt 00:02:57]} 34. Ng3 {[%clk 00:16:19]}
{[%emt 00:01:12]} Nd5 {[%clk 00:11:34]} {[%emt 00:00:18]} 35. f5 {[%clk
00:13:36]} {[%emt 00:03:13]} Qe7 {[%clk 00:07:11]} {[%emt 00:04:52]} 36. Re4
{[%clk 00:13:04]} {[%emt 00:01:04]} Qc5+ {[%clk 00:07:00]} {[%emt 00:00:40]} 37.
Kh2 {[%clk 00:12:15]} {[%emt 00:01:19]} Nf6 {[%clk 00:05:45]} {[%emt 00:01:45]}
38. Rc4 {[%clk 00:11:54]} {[%emt 00:00:52]} Qd5 {[%clk 00:05:30]} {[%emt
00:00:44]} 39. Ng6 {[%clk 00:10:35]} {[%emt 00:01:49]} e4 {[%clk 00:04:34]}
{[%emt 00:01:26]} 40. Nf4 {[%clk 00:05:49]} {[%emt 00:05:17]} Qd6 {[%clk
00:04:13]} {[%emt 00:00:50]} 41. Qf2 {[%clk 00:04:16]} {[%emt 00:02:02]} g5
{[%clk 00:03:36]} {[%emt 00:01:08]} 42. Ne6 {[%clk 00:04:03]} {[%emt 00:00:44]}
Re8 {[%clk 00:02:52]} {[%emt 00:01:13]} 43. Kg1 {[%clk 00:04:09]} {[%emt
00:00:24]} Ne5 {[%clk 00:02:17]} {[%emt 00:01:05]} 44. Rd4 {[%clk 00:03:27]}
{[%emt 00:01:12]} Qb6 {[%clk 00:02:22]} {[%emt 00:00:25]} 45. Qe3 {[%clk
00:00:59]} {[%emt 00:02:58]} Nd3 {[%clk 00:02:12]} {[%emt 00:00:40]} 46. Re2
{[%clk 00:01:08]} {[%emt 00:00:21]} Qxb3 {[%clk 00:01:53]} {[%emt 00:00:48]} 47.
Nxe4 {[%clk 00:00:54]} {[%emt 00:00:44]} Nxe4 {[%clk 00:02:01]} {[%emt
00:00:23]} 48. Rxe4 {[%clk 00:00:36]} {[%emt 00:00:48]} Nxb2 {[%clk 00:01:20]}
{[%emt 00:01:11]} 49. Nd4 {[%clk 00:00:36]} {[%emt 00:00:30]} Qd1+ {[%clk
00:00:49]} {[%emt 00:01:01]} 50. Kh2 {[%clk 00:00:54]} {[%emt 00:00:12]} Rxe4
{[%clk 00:01:00]} {[%emt 00:00:19]} 51. Qxe4 {[%clk 00:01:19]} {[%emt
00:00:05]} Nd3 {[%emt 00:01:04]} 52. Qe8+ {[%clk 00:01:24]} Kg7 {[%clk
00:00:54]} {[%emt 00:00:27]} 53. f6+ {[%clk 00:01:05]} {[%emt 00:00:49]} Kg6
{[%clk 00:00:48]} {[%emt 00:00:35]} 54. Qg8+ {[%clk 00:01:19]} {[%emt
00:00:17]} Kxf6 {[%clk 00:01:03]} {[%emt 00:00:15]} 55. Re6# {[%clk 00:01:39]}
{[%emt 00:00:09]}  1-0

[Event "2nd Easter 4NCL Congress"]
[Site "Daventry"]
[Date "2022.04.18"]
[Round "7"]
[Board "8"]
[White "Thompson, Ian D"]
[Black "Nelson, Omowale A"]
[Result "1-0"]
[WhiteElo "2213"]
[BlackElo "2000"]
[PlyCount "0"]
[EventDate "2022.04.15"]
[EventRounds "7"]
[EventCountry "ENG"]

1. c4 {[%clk 01:30:58]} {[%emt 00:00:01]} e5 {[%clk 01:28:20]} {[%emt
00:02:40]} 2. Nc3 {[%clk 01:31:19]} {[%emt 00:00:10]} Nc6 {[%clk 01:28:27]}
{[%emt 00:00:23]} 3. g3 {[%clk 01:31:38]} {[%emt 00:00:10]} g6 {[%clk
01:28:30]} {[%emt 00:00:27]} 4. Bg2 {[%clk 01:31:58]} {[%emt 00:00:10]} Bg7
{[%clk 01:28:26]} {[%emt 00:00:34]} 5. e3 {[%clk 01:32:16]} {[%emt 00:00:12]}
d6 {[%clk 01:28:13]} {[%emt 00:00:43]} 6. Nge2 {[%clk 01:32:32]} {[%emt
00:00:14]} Nge7 {[%clk 01:22:23]} {[%emt 00:06:21]} 7. d3 {[%clk 01:28:29]}
{[%emt 00:04:33]} O-O {[%clk 01:18:07]} {[%emt 00:04:46]} 8. O-O {[%clk
01:28:22]} {[%emt 00:00:37]} Be6 {[%clk 01:16:57]} {[%emt 00:01:39]} 9. Nd5
{[%clk 01:25:27]} {[%emt 00:03:25]} Rb8 {[%clk 01:15:27]} {[%emt 00:02:00]} 10.
Rb1 {[%clk 01:22:02]} {[%emt 00:03:55]} Qd7 {[%clk 01:07:13]} {[%emt 00:08:44]}
11. b4 {[%clk 01:21:49]} {[%emt 00:00:43]} a6 {[%clk 01:05:22]} {[%emt
00:02:21]} 12. Nec3 {[%clk 01:14:02]} {[%emt 00:08:17]} Nd8 {[%clk 01:04:02]}
{[%emt 00:01:50]} 13. a4 {[%clk 01:09:10]} {[%emt 00:05:22]} f5 {[%clk
00:54:13]} {[%emt 00:10:19]} 14. b5 {[%clk 01:05:00]} {[%emt 00:04:40]} Nf7
{[%clk 00:51:46]} {[%emt 00:02:56]} 15. f4 {[%clk 01:04:18]} {[%emt 00:01:13]}
Kh8 {[%clk 00:46:38]} {[%emt 00:05:38]} 16. Bd2 {[%clk 00:59:47]} {[%emt
00:05:01]} Nh6 {[%clk 00:44:59]} {[%emt 00:02:09]} 17. Qc2 {[%clk 00:57:57]}
{[%emt 00:02:20]} Nhg8 {[%clk 00:41:09]} {[%emt 00:04:20]} 18. bxa6 {[%clk
00:51:55]} {[%emt 00:06:33]} bxa6 {[%clk 00:41:26]} {[%emt 00:00:13]} 19. Rxb8
{[%clk 00:52:00]} {[%emt 00:00:25]} Rxb8 {[%clk 00:41:35]} {[%emt 00:00:20]} 20.
Rb1 {[%clk 00:52:15]} {[%emt 00:00:14]} Qd8 {[%clk 00:32:19]} {[%emt 00:09:46]}
21. a5 {[%clk 00:46:34]} {[%emt 00:06:12]} Bd7 {[%clk 00:26:54]} {[%emt
00:05:55]} 22. Nb4 {[%clk 00:41:33]} {[%emt 00:05:32]} c5 {[%clk 00:23:24]}
{[%emt 00:04:00]} 23. Nbd5 {[%clk 00:31:03]} {[%emt 00:11:00]} Rxb1+ {[%clk
00:20:17]} {[%emt 00:03:36]} 24. Qxb1 {[%clk 00:31:04]} {[%emt 00:00:29]} Nc6
{[%clk 00:14:32]} {[%emt 00:06:15]} 25. Qb6 {[%clk 00:30:00]} {[%emt 00:01:34]}
Qxb6 {[%clk 00:08:19]} {[%emt 00:06:43]} 26. axb6 {[%clk 00:30:28]} {[%emt
00:00:02]} Nd8 {[%clk 00:07:02]} {[%emt 00:01:48]} 27. Nc7 {[%clk 00:29:15]}
{[%emt 00:01:42]} Bc8 {[%clk 00:07:07]} {[%emt 00:00:25]} 28. Ne8 {[%clk
00:27:01]} {[%emt 00:02:43]} Bf8 {[%clk 00:07:06]} {[%emt 00:00:31]} 29. Nd5
{[%clk 00:27:18]} {[%emt 00:00:14]} Nh6 {[%clk 00:04:10]} {[%emt 00:03:26]} 30.
Bc3 {[%clk 00:24:45]} {[%emt 00:03:03]} Nhf7 {[%clk 00:03:24]} {[%emt
00:01:16]} 31. Ndc7 {[%clk 00:23:35]} {[%emt 00:01:40]} Kg8 {[%clk 00:03:13]}
{[%emt 00:00:40]} 32. Nd5 {[%clk 00:19:59]} {[%emt 00:04:07]} Bb7 {[%clk
00:02:53]} {[%emt 00:00:50]} 33. Kf2 {[%clk 00:17:23]} {[%emt 00:03:06]} Bg7
{[%clk 00:02:50]} {[%emt 00:00:34]} 34. Nxg7 {[%clk 00:17:04]} {[%emt
00:00:49]} Kxg7 {[%clk 00:03:18]} 35. Nc7 {[%clk 00:15:43]} {[%emt 00:01:51]}
Bc8 {[%clk 00:03:31]} {[%emt 00:00:18]} 36. Bd5 {[%clk 00:14:50]} {[%emt
00:01:23]} Kf8 {[%clk 00:02:31]} {[%emt 00:01:28]} 37. Ke2 {[%clk 00:14:16]}
{[%emt 00:01:06]} exf4 {[%clk 00:02:33]} {[%emt 00:00:28]} 38. gxf4 {[%clk
00:14:25]} {[%emt 00:00:20]} Ke7 {[%clk 00:02:32]} {[%emt 00:00:30]} 39. Kd2
{[%clk 00:10:32]} {[%emt 00:04:24]} h5 {[%clk 00:01:31]} {[%emt 00:01:31]} 40.
Bf3 {[%clk 00:10:04]} {[%emt 00:00:58]} Kd7 {[%clk 00:01:08]} {[%emt 00:00:53]}
41. Nd5 {[%clk 00:08:37]} {[%emt 00:01:57]} Bb7 {[%clk 00:01:00]} {[%emt
00:00:39]} 42. Bf6 {[%clk 00:07:04]} {[%emt 00:02:02]} Bc6 {[%clk 00:01:00]}
{[%emt 00:00:30]} 43. Kc2 {[%clk 00:06:33]} {[%emt 00:01:01]} Nb7 {[%clk
00:00:52]} {[%emt 00:00:38]} 44. Bc3 {[%clk 00:06:37]} {[%emt 00:00:26]} Nbd8
{[%clk 00:00:47]} {[%emt 00:00:35]} 45. d4 {[%clk 00:05:45]} {[%emt 00:01:23]}
Kc8 {[%clk 00:01:01]} {[%emt 00:00:15]} 46. Ne7+ {[%clk 00:05:47]} {[%emt
00:00:28]} Kb7 {[%clk 00:01:30]} {[%emt 00:00:01]} 47. d5 {[%clk 00:05:13]}
{[%emt 00:01:04]} Ba4+ {[%clk 00:01:52]} {[%emt 00:00:08]} 48. Kd2 {[%clk
00:05:06]} {[%emt 00:00:37]} Kxb6 {[%clk 00:02:19]} {[%emt 00:00:03]} 49. Nxg6
{[%clk 00:05:26]} {[%emt 00:00:10]} Bb3 {[%clk 00:02:11]} {[%emt 00:00:38]} 50.
Kd3 {[%clk 00:05:43]} {[%emt 00:00:13]} Nb7 {[%clk 00:01:25]} {[%emt 00:01:16]}
51. Bxh5 {[%clk 00:05:29]} {[%emt 00:00:44]} Na5 {[%clk 00:01:54]} {[%emt
00:00:02]} 52. Bxa5+ {[%clk 00:05:36]} {[%emt 00:00:22]} Kxa5 {[%clk 00:02:23]}
{[%emt 00:00:01]} 53. Kc3 {[%clk 00:05:57]} {[%emt 00:00:09]} Ba4 {[%clk
00:01:14]} {[%emt 00:01:38]} 54. Ne7 {[%clk 00:06:16]} {[%emt 00:00:12]} Nh6
{[%clk 00:01:42]} {[%emt 00:00:02]} 55. Nc8 {[%clk 00:06:30]} {[%emt 00:00:16]}
Bd7 {[%clk 00:00:46]} {[%emt 00:01:26]} 56. Nxd6 {[%clk 00:06:58]} {[%emt
00:00:02]} Ka4 {[%clk 00:00:36]} {[%emt 00:00:40]} 57. Nb7 {[%clk 00:06:36]}
{[%emt 00:00:52]} Ka3 {[%clk 00:00:58]} {[%emt 00:00:07]} 58. Nxc5 {[%clk
00:06:54]} {[%emt 00:00:12]} Bc8 {[%clk 00:01:28]}  1-0